000 00497nam a2200181Ia 4500
005 20250423095226.0
008 250422s9999 xx 000 0 und d
020 _a9789811329463
050 _aTA 160 .D43/
100 _aDeb, Dipankar... [et al.]
245 0 _aEngineering research methodology: a practical insight for researchers
260 _aUnited Kingdom
260 _bSpringer
260 _c2019
300 _a104 p
650 _aEngineering--Research--Methodology.
942 _cBK
999 _c29628
_d29628